000 01150namaa22003011i 4500
003 EG-GICUC
005 20260422134524.0
008 260422s2009 ua ||||jr|||| 000 0 ara d
040 _aEG-GiCUC
_bara
_cEG-GiCUC
_dEG-GiCUC
_erda
043 _af----ua
082 0 4 _221
_a962.048
_bS1322
092 0 4 _221
_a962.048
_bS1322
099 _a962.048 S1322
100 1 _aالسعيد، رفعت
_eمؤلف.
245 1 0 _aثورة 1919 القوى الاجتماعية ودورها :
_bمحاولة لرؤية جديدة /
_cد. رفعت السعيد
264 _aالقاهرة (مصر) :
_bشركة الامل للطباعة والنشر،
_c[2009].
300 _a175 صفحة
_b؛
_c24 سم
336 _2rdacontent
_atext
337 _2rdamedia
_aUnmediated
338 _2rdacarrier
_avolume
490 _aكتاب الاهالى ؛
_vرقم 82
504 _aيشتمل على ارجاعات ببليوجرافية
541 _aد. جابر عصفور ؛
_bالقاهرة ؛
_cإهداء ؛
_d2024.
650 1 _2qrmak
651 1 _2qrmak
_aمصر
_xتاريخ
_yالعصر الحديث
_yثورة 1919
905 _aNermeen
942 _2ddc
_cBK
_e21
_n0
999 _c179675
_d179675